Nutrition and biochemistry for nurses / (Record no. 19971)
[ view plain ]
| 000 -LEADER | |
|---|---|
| fixed length control field | 00809nam a22002415a 4500 |
| 005 - DATE AND TIME OF LATEST TRANSACTION | |
| control field | 20151111103211.0 |
| 008 - FIXED-LENGTH DATA ELEMENTS--GENERAL INFORMATION | |
| fixed length control field | 150628t2014 ii a fr 001 0 eng d |
| 020 ## - INTERNATIONAL STANDARD BOOK NUMBER | |
| International Standard Book Number | 9350909464 |
| 020 ## - INTERNATIONAL STANDARD BOOK NUMBER | |
| International Standard Book Number | 9789350909461 |
| 040 ## - CATALOGING SOURCE | |
| Original cataloging agency | EG-ScBUE |
| Language of cataloging | eng |
| Modifying agency | EG-ScBUE |
| 082 04 - DEWEY DECIMAL CLASSIFICATION NUMBER | |
| Edition number | 22 |
| Classification number | 612.015 |
| Item number | ANT |
| 100 1# - MAIN ENTRY--PERSONAL NAME | |
| Personal name | Anthikad, Jacob. |
| 9 (RLIN) | 38541 |
| 245 10 - TITLE STATEMENT | |
| Title | Nutrition and biochemistry for nurses / |
| Statement of responsibility, etc | Jacob Anthikad. |
| 250 ## - EDITION STATEMENT | |
| Edition statement | 2nd ed. |
| 260 ## - PUBLICATION, DISTRIBUTION, ETC. (IMPRINT) | |
| Place of publication, distribution, etc | New Delhi : |
| Name of publisher, distributor, etc | Jaypee Brothers Medical Publishers, |
| Date of publication, distribution, etc | c.2014. |
| 300 ## - PHYSICAL DESCRIPTION | |
| Extent | xxxv, 502 p. : |
| Other physical details | ill. ; |
| Dimensions | 22 cm. |
| 500 ## - GENERAL NOTE | |
| General note | Index : p. 485-502. |
| 650 #7 - SUBJECT ADDED ENTRY--TOPICAL TERM | |
| Source of heading or term | BUEsh |
| Topical term or geographic name as entry element | Nursing |
| General subdivision | Study and teaching. |
| 9 (RLIN) | 36329 |
| 650 #7 - SUBJECT ADDED ENTRY--TOPICAL TERM | |
| Topical term or geographic name as entry element | Nutrition. |
| Source of heading or term | BUEsh |
| 9 (RLIN) | 19370 |
| 650 #7 - SUBJECT ADDED ENTRY--TOPICAL TERM | |
| Topical term or geographic name as entry element | Biochemistry. |
| Source of heading or term | BUEsh |
| 9 (RLIN) | 18368 |
| 653 ## - INDEX TERM--UNCONTROLLED | |
| Resource For college | Nursing |
| Arrived date list | August2015 |
| -- | June2015 |
| -- | October2015 |
| -- | November2015 |
| 942 ## - ADDED ENTRY ELEMENTS (KOHA) | |
| Source of classification or shelving scheme | Dewey Decimal Classification |
| Call number prefix | 612.015 ANT |
| Withdrawn status | Lost status | Source of classification or shelving scheme | Damaged status | Not for loan | Koha collection | Home library | Current library | Shelving location | Date acquired | Source of acquisition | Cost, normal purchase price | Serial Enumeration / chronology | Total Checkouts | Total Renewals | Full call number | Barcode | Date last seen | Date last borrowed | Cost, replacement price | Koha item type |
|---|---|---|---|---|---|---|---|---|---|---|---|---|---|---|---|---|---|---|---|---|
| Dewey Decimal Classification | Alahram | Central Library | Central Library | First floor | 28/06/2015 | Purchase | 107.00 | 323 | 9 | 23 | 612.015 ANT | 000039125 | 15/07/2025 | 18/03/2018 | 133.75 | Book - Borrowing | ||||
| Dewey Decimal Classification | Baccah | Central Library | Central Library | First floor | 18/08/2015 | 190.00 | 21764 | 5 | 85 | 612.015 ANT | 000030691 | 15/07/2025 | 17/03/2018 | 238.00 | Book - Borrowing | |||||
| Dewey Decimal Classification | Baccah | Central Library | Central Library | First floor | 18/08/2015 | 190.00 | 21764 | 13 | 82 | 612.015 ANT | 000030692 | 15/04/2026 | 03/02/2019 | 238.00 | Book - Borrowing |